Vervollständigen Sie die Weltkarte, indem Sie die Flaggen erraten - Statistiken

Allgemein
  • Dieses Quiz wurde 211 mal gespielt
  • Das Durchschnittsergebnis liegt bei 115 aus 196
Antworten auf der Karte
Die Antworten werden auf der Karte rot bzw. grün angezeigt, abhängig davon wie oft sie richtig erraten wurden.
 
Antwortstatistiken
Flagge Land % Korrekt
Kanada
99%
Albanien
88%
Zypern
85%
Indien
84%
Spanien
84%
Argentinien
83%
China
83%
Kosovo
83%
Portugal
83%
Israel
82%
Kroatien
82%
Libanon
82%
Türkei
82%
Ägypten
81%
Brasilien
81%
Japan
81%
Schweiz
81%
Südkorea
81%
Schweden
80%
Vereinigtes Königreich
80%
Australien
79%
Deutschland
79%
Finnland
79%
Norwegen
79%
Polen
79%
Saudi-Arabien
79%
Vereinigte Staaten
79%
Belgien
78%
Dänemark
78%
Griechenland
78%
Mexiko
78%
Neuseeland
78%
San Marino
78%
Serbien
78%
Slowakei
78%
Ukraine
78%
Vatikanstadt
78%
Frankreich
77%
Island
77%
Italien
77%
Russland
77%
Tschechien
77%
Irland
76%
Jamaika
75%
Österreich
74%
Marokko
73%
Niederlande
73%
Uruguay
73%
Bosnien und Herzegowina
72%
Estland
72%
Georgien
72%
Irak
72%
Lettland
72%
Nepal
72%
Nordkorea
72%
Nordmazedonien
72%
Rumänien
72%
Südafrika
72%
Chile
71%
Iran
71%
Katar
71%
Bulgarien
70%
Kolumbien
70%
Thailand
70%
Kenia
69%
Luxemburg
69%
Malta
69%
Slowenien
69%
Vietnam
69%
Algerien
68%
Pakistan
68%
Tunesien
68%
Ungarn
68%
Venezuela
68%
Liechtenstein
67%
Belarus
66%
Bhutan
66%
Ecuador
66%
Elfenbeinküste
66%
Indonesien
66%
Monaco
66%
Sri Lanka
66%
Syrien
66%
Kasachstan
65%
Nigeria
65%
Andorra
64%
Kambodscha
64%
Moldawien
64%
Panama
64%
Angola
63%
Bangladesch
63%
Ghana
62%
Kuba
61%
Litauen
61%
Honduras
60%
Malaysia
60%
Montenegro
60%
Paraguay
60%
Costa Rica
59%
Singapur
59%
Uganda
59%
Afghanistan
58%
Peru
58%
Dominikanische Republik
57%
Kamerun
57%
Armenien
56%
Äthiopien
56%
Barbados
56%
Senegal
56%
Seychellen
56%
Aserbaidschan
55%
El Salvador
55%
Philippinen
55%
Nicaragua
54%
Bahrain
53%
Fidschi
53%
Guatemala
53%
Niger
53%
Papua-Neuguinea
53%
Somalia
53%
Taiwan
53%
Haiti
50%
Laos
50%
Burkina Faso
49%
Jemen
49%
Mongolei
49%
Turkmenistan
49%
Vereinigte Arabische Emirate
49%
Bolivien
48%
Kirgisistan
48%
Madagaskar
48%
Trinidad und Tobago
48%
Usbekistan
48%
Demokratische Republik Kongo
47%
Liberia
47%
Eswatini
46%
Malediven
46%
Palau
46%
Botswana
45%
St. Lucia
45%
Tansania
45%
Jordanien
44%
Kuwait
44%
Libyen
44%
Myanmar
44%
Antigua und Barbuda
43%
Bahamas
43%
Brunei
43%
Kap Verde
43%
Kiribati
43%
Tadschikistan
43%
Tonga
43%
Belize
42%
Dominica
41%
Föderierte Staaten von Mikronesien
41%
Lesotho
41%
Oman
41%
Suriname
41%
Tschad
41%
Zentralafrikanische Republik
41%
Gabun
40%
Osttimor
40%
Samoa
40%
St. Vincent und die Grenadinen
40%
Tuvalu
40%
Mauretanien
39%
Mosambik
39%
Togo
39%
Marshallinseln
38%
Südsudan
38%
Burundi
37%
Namibia
37%
Benin
36%
Eritrea
36%
Mauritius
36%
Sudan
36%
Äquatorial-Guinea
35%
Grenada
35%
Mali
35%
Sambia
35%
Gambia
34%
Nauru
34%
Vanuatu
34%
Dschibuti
33%
Komoren
33%
Malawi
33%
Guyana
32%
Ruanda
32%
São Tomé und Príncipe
32%
Republik Kongo
31%
Sierra Leone
31%
Simbabwe
31%
Guinea-Bissau
30%
Guinea
27%
St. Kitts und Nevis
27%
Salomonen
26%
Keine übereinstimmenden Quizze gefunden
Verteilung der Resultate
Anzahl Personen mit jedem Resultat
Perzentil nach korrekt beantworteten Fragen
Ihre Resultats-Entwicklung
Sie haben dieses Quiz noch nicht gespielt